Biblioteca
Vista normal Vista MARC
  • Enseñanza bíblica

Entrada Tema o Materia

Número de registros utilizados en: 21

001 - NUMERO DE CONTROL

  • Campo de control: 1266

003 - IDENTIFICADOR DEL NUMERO DE CONTROL

  • Campo de control: CO-MdFUSB

005 - HORA Y FECHA DE LA ULTIMA TRANSACCIÓN

  • Campo de control: 20180521081924.0

008 - CAMPO DE LONGITUD FIJA

  • Campo fijo de descripción fija: 060505n||acznnaabn b aaa d

040 ## -

  • : CO-MdFUSB
  • : CO-MdFUSB

150 ## - ENCABEZAMIENTO DE MATERIA-TEMA

  • Téma o Materia: Enseñanza bíblica

360 ## - REFERENCIA COMPLEJA DE "VÉASE ADEMÁS" - MATERIA

  • Encabezamiento hacia el que refiere el envío: : Enseñanza bíblica
  • Encabezamiento hacia el que refiere el envío: : Salvación-Cristianismo-Enseñanza bíblica; Familia-Enseñanza bíblica
  • Texto explicativo: y la subdivisión
  • Texto explicativo: , bajo temas religiosos o seculares, ej.

450 ## - REFERENCIA DE ENVIO “VEASE” - MATERIA

  • Encabezamiento temático : Iglesia
  • Subdivisión general: Enseñanza bíblica

670 ## - FUENTE EN LA QUE SE LOCALIZARON DATOS

  • Cita de la fuente : ARMARC

670 ## - FUENTE EN LA QUE SE LOCALIZARON DATOS

  • Cita de la fuente : LCSH

750 #0 - ASIENTO LIGADO AL ENCABEZAMIENTO - TEMATICO

  • Número de control del registro: sh 87000169
  • Encabezamiento temático : Biblical teaching

Biblioteca FUSBC | Teléfono: (57+4) 349 88 10 Ext. 141| WhatsApp (+57) 3005338115 
E-mail: biblioteca@unisbc.edu.co | Calle 76 87-14 Robledo Palenque, Medellín, Colombia

Con tecnología Koha